| 000 | 00590nam a22002057a 4500 | ||
|---|---|---|---|
| 005 | 20170926120100.0 | ||
| 010 | _a1718EN-30 | ||
| 020 |
_a9789352533145 _c1450.00 |
||
| 037 |
_bAsian _adpl |
||
| 100 | _aShukla, M.C. | ||
| 245 |
_aAdvanced accounts / _cby M.C. Shukla, T.S. Grewal [and] S.C. Gupta |
||
| 250 | _a19th ed | ||
| 260 |
_aNew Delhi _bS.Chand _c2016 |
||
| 270 |
_a7361, Ram Nagar, _bNew Delhi _e110055 |
||
| 300 | v |
_avarious pagings _c25cm(Hb) |
|
| 700 | _aGrewal, T.S. | ||
| 700 | _aGupta, S.C. | ||
| 942 |
_2ddc _cEN _mSHU |
||
| 999 |
_c145511 _d145511 |
||